| 000 | 00714na a2200253 4500 | ||
|---|---|---|---|
| 001 | 14104 | ||
| 003 | MIRAKIL | ||
| 005 | 20181213155021.0 | ||
| 008 | 160825b tu 000 0 | ||
| 020 | _a9789756467268 | ||
| 035 | _a14104 | ||
| 040 |
_aMilas _btur _cTR-AnCHP |
||
| 082 |
_a923.5 Baltacı,M.P. _bB24 2007 |
||
| 090 | _a923.5 Baltacı,M.P. B24 2007 | ||
| 245 |
_aBaltacı Mehmet Paşa _cderleyen: Kemal Çiçek |
||
| 260 |
_aÇorum _bKaraM _c2007 |
||
| 300 |
_a160 s. _c19 sm. |
||
| 490 |
_aYakınçağ kitaplığı _v2 |
||
| 490 |
_aKaraM yayınları _v21 |
||
| 600 |
_aBaltacı Mehmet Paşa _d1662-1712 _xToplantılar |
||
| 650 | _aDevlet adamı | ||
| 700 | _aÇiçek, Kemal | ||
| 942 |
_2ddc _cBKS |
||
| 999 |
_c4892 _d4892 |
||